BIBLIOTECA

SENCICO

Métodos de las ciencias sociales / (Registro nro. 143)

Detalles MARC
000 -LEADER
fixed length control field 01542nam a2200265Ia 4500
003 - CONTROL NUMBER IDENTIFIER
control field PE SENCICO BE
005 - DATE AND TIME OF LATEST TRANSACTION
control field 20251020182427.0
008 - FIXED-LENGTH DATA ELEMENTS--GENERAL INFORMATION
fixed length control field 200515s9999 xx 000 0 und d
020 ## - INTERNATIONAL STANDARD BOOK NUMBER
International Standard Book Number 84 344 1755 3
040 ## - CATALOGING SOURCE
Original cataloging agency PE SENCICO BE
Transcribing agency PE SENCICO BE
041 ## - LANGUAGE CODE
Language code of text/sound track or separate title spa
082 ## - DEWEY DECIMAL CLASSIFICATION NUMBER
Classification number 300.28
Item number D99
100 1# - MAIN ENTRY--PERSONAL NAME
Personal name Duverger, Maurice
9 (RLIN) 2332
Relator term autor
245 10 - TITLE STATEMENT
Title Métodos de las ciencias sociales /
Statement of responsibility, etc. Maurice Duverger
250 ## - EDITION STATEMENT
Edition statement 9a ed.
260 ## - PUBLICATION, DISTRIBUTION, ETC.
Place of publication, distribution, etc. Barcelona :
Name of publisher, distributor, etc. Ariel ;
Date of publication, distribution, etc. 1976
300 ## - PHYSICAL DESCRIPTION
Extent 593 p. :
Other physical details il., graf. ;
Dimensions 19 cm.
490 ## - SERIES STATEMENT
Series statement Demos - Biblioteca de Ciencia Política
505 0# - FORMATTED CONTENTS NOTE
Formatted contents note La noción de ciencias social -- Las distintas ciencias sociales -- Las distintas clases de documentos -- Loe métodos de análisis de documentos -- La técnica de análisis de contenido -- El muestreo -- Los métodos de interrogación -- Los resultados de las encuestas -- Los interviews -- Los test y la medición de las actitudes -- La observación participación -- Los cuadros conceptuales de la investigación -- La experimentación -- El método comparativo -- Las técnicas matemáticas -- Las técnicas gráficas -- Lugar de la ciencia política entre las ciencias sociales -- El desarrollo histórico de la ciencia política.
520 3# - SUMMARY, ETC.
Summary, etc. Se detalla la problemática actual de los métodos, las técnicas de observación a la realidad de que se sirven las distintas ciencias sociales.
650 10 - SUBJECT ADDED ENTRY--TOPICAL TERM
Topical term or geographic name entry element Ciencias sociales
9 (RLIN) 2333
650 20 - SUBJECT ADDED ENTRY--TOPICAL TERM
Topical term or geographic name entry element Metodología de la investigación
9 (RLIN) 260
650 20 - SUBJECT ADDED ENTRY--TOPICAL TERM
Topical term or geographic name entry element Observación
9 (RLIN) 2334
942 ## - ADDED ENTRY ELEMENTS (KOHA)
Koha item type Libros
Source of classification or shelving scheme Dewey Decimal Classification
Existencias
Fecha de la última vez que lo usaron Número de ingreso o de inventario Pago total Signatura topográfica completa Código de barras Precio efectivo desde Tipo de documento Estado perdido Sistema de clasificación Estado dañado No es para préstamo Retirado Ubicación permanente Ubicación actual Fecha de adquisición
15/05/2020 741   300.28/D99/1976 BibLima24060045 15/05/2020 Libros   Dewey Decimal Classification       Biblioteca Central Lima Biblioteca Central Lima 15/05/2020